000 01389nam a2200301 i 4500
001 16286
003 DO-SdUEMH
005 20260128175510.0
007 ta
008 211105s2006||||dr a|||gr|||| 0|| | spa d
040 _aDO-SdUEMH
_bspa
_erda
041 _aspa
082 1 4 _aRD345.072 M433P 2006
_mRD
_bM433
084 _b08-00136
100 1 _aMATOS FELIZ, MAXIMO
_eaut
245 _aProcedimiento Penal en el Juzgado de Paz:
_breglamentos y formularios /
_cMáximo Matos Féliz
260 _c2006
264 1 _aSanto Domingo, República Dominicana :
_bIdegraf, S.A.
_c2006
264 4 _c©2006
300 _a301 páginas :
_bilustraciones ;
_c27 cm.
336 _2rdacontent
_atexto
_btxt
337 _2rdamedia
_asin mediación
_bn
338 _2rdacarrier
_avolumen
_bnc
504 _aContiene Información Bibliográfica a Final de la Obra.
505 2 _aFormularios anotados del proceso penal -- Formularios procesales del procedimiento preparatorio -- I. Actos iniciales del procedimiento preparatorio -- I.I. Formularios procesales para distintos modelos de querellas -- II. Actos sobre los medios de pruebas -- III. Actos propios del Ministerio Público -- IV. Actos propios del actor civil -- V. Actos propios del imputado -- VI. Actos conclusivos del procedimiento preparatorio -- VII. Actos propios del querellante o de la víctima.
942 _2ddc
_cBK
_n0
999 _c16286
_d16286